000
00187nam a22000857a 4500
008
161015b xxu||||| |||| 00| 0 eng d
100
_9
848
_a
Hindi
245
_a
Hindi Story Book
260
_b
2004
999
_c
3498
_d
3498